[Event "XVI Vidmar Mem"]
[Site "Portoroz SLO"]
[Date "2005.07.12"]
[Round "4"]
[White "Bartel,Mat"]
[Black "Djukic,Ni"]
[Result "0-1"]
[WhiteElo "2540"]
[BlackElo "2521"]

1.e4 d5 2.exd5 Qxd5 3.Nc3 Qd8 4.Bc4 Nf6 5.d3 e6 6.Nf3 Be7 7.Qe2 O-O 8.Bg5 c6
9.O-O h6 10.Bd2 b5 11.Bb3 a5 12.a4 b4 13.Nd1 Nbd7 14.Ne3 Re8 15.Rfe1 Bf8
16.d4 c5 17.Nc4 Ba6 18.Nfe5 cxd4 19.Qf3 Bxc4 20.Nxc4 Nc5 21.Rad1 Qd5 22.Qh3 Nxb3
23.cxb3 Nd7 24.Qg4 e5 25.Bxh6 Ra6 26.Bg5 Rg6 27.h4 Rge6 28.h5 Nc5 29.h6 Rg6
30.h7+ Kxh7 31.Qf5 Qd7 32.Qxd7 Nxd7 33.Bc1 Rge6 34.Nxa5 Nc5 35.f4 f6 36.fxe5 fxe5
37.Bd2 Nd3 38.Re4 Nxb2 39.Rf1 Kg8 40.Rb1 Nd3 41.Nc4 Nc5 42.Re2 Nd7 43.Rbe1 e4
44.Bf4 Nc5 45.Rb1 e3 46.a5 Ne4 47.Ra1 g5 48.Bc7 Bc5 49.Bb6 Bxb6 50.axb6 Ng3
51.Rea2 Rh6  0-1

[Event "LXVIII ch-CRC"]
[Site "San Jose Julio CRC"]
[Date "2005.07.12"]
[Round "11"]
[White "Bermudez,S"]
[Black "Arias,R"]
[Result "1-0"]
[WhiteElo "2223"]
[BlackElo "2173"]

1.e4 d5 2.exd5 Qxd5 3.Nc3 Qd6 4.Bc4 a6 5.Qf3 Nf6 6.Nge2 Nc6 7.Bb3 Bg4 8.Qe3 e6
9.Ng3 O-O-O 10.f3 Bf5 11.Nce4 Nxe4 12.fxe4 Bg6 13.c3 Qe5 14.d4 Nxd4 15.cxd4 Rxd4
16.Bd2 Bc5 17.Bc3 Rhd8 18.Qe2 Qf4 19.Qf3 Qh4 20.Bxd4 Rxd4 21.Bc2 Bb4+ 22.Kf1 Rd2
23.Rc1 Bc5 24.Bd3 Qg5 25.Rc2 Rxc2 26.Bxc2 Qc1+ 27.Bd1 Qxb2 28.h4 h5 29.Ne2 Qxa2
30.Qd3 Qa1 31.Ke1 Qa5+ 32.Kf1 Qa1 33.g3 Bxe4 34.Qxe4 Qxd1+ 35.Kg2 Qd5 36.Qxd5 exd5
37.Nf4 c6 38.Nxh5 Bd4 39.Rf1 g6 40.Nf4 a5 41.Ne2 Be5 42.Rxf7 a4 43.g4 b5
44.Kf3 b4 45.Ra7 b3 46.Rxa4 c5 47.Ra5 c4 48.Rxd5 b2 49.Rb5 c3 50.Nxc3 Bxc3
51.Kf4 Bf6 52.g5 Bc3 53.Ke4 Kd7 54.Kd3 Be5 55.Ke4 Bc3 56.Kd5 Kc7 57.Ke6 Kc6
58.Rb3 Kc5 59.Rxc3+  1-0

[Event "XVI Vidmar Mem"]
[Site "Portoroz SLO"]
[Date "2005.07.13"]
[Round "5"]
[White "Baramidze,D"]
[Black "Sermek,D"]
[Result "1/2-1/2"]
[WhiteElo "2535"]
[BlackElo "2532"]

1.e4 d5 2.exd5 Qxd5 3.Nc3 Qd6 4.d4 Nf6 5.Nf3 a6 6.Be3 b5 7.Bd3 Bb7 8.Qe2 Nbd7
9.O-O-O Nb6 10.Bg5 b4 11.Ne4 Nxe4 12.Bxe4 Bxe4 13.Qxe4 Qd5 14.Qxd5 Nxd5  1/2-1/2

[Event "ch-IRL"]
[Site "Dublin IRL"]
[Date "2005.07.14"]
[Round "6"]
[White "Jeffares,S"]
[Black "McPhillips,K"]
[Result "0-1"]
[WhiteElo "2077"]
[BlackElo "2225"]

1.e4 d5 2.exd5 Qxd5 3.Nc3 Qd6 4.d4 Nf6 5.Be2 a6 6.Bf3 Nc6 7.Nge2 Bf5 8.Bf4 Qd7
9.a3 e6 10.Qd2 Bd6 11.Bg5 Be7 12.h3 O-O-O 13.Rd1 h6 14.Be3 g5 15.Qc1 Nd5
16.Ne4 Bxe4 17.Bxe4 f5 18.Bf3 Bf6 19.c3 Nxe3 20.fxe3 h5 21.g3 g4 22.hxg4 hxg4
23.Rxh8 Rxh8 24.Bg2 Bg5 25.b4 Rh2 26.Kf1 Qh7 27.Kf2 Qh6 28.Rh1 Rxh1 29.Bxh1 e5
30.d5 Ne7 31.Bg2 Ng6 32.c4 f4 33.exf4 exf4 34.gxf4 Bxf4 35.Nxf4 Nxf4 36.Qe3 Kb8
37.Qe8+ Ka7 38.Qe3+ b6 39.Kf1 Qf6 40.Kg1 g3 41.Bf1 Qg5 42.Qe4 Qh5 43.Qc2 Qf3
44.c5 b5 45.c6 Qe3+ 46.Kh1 Nxd5 47.Kg2 Nf4+ 48.Kh1 Kb6 49.Qb2 Qf3+ 50.Kg1 g2
51.Qd4+ Kxc6 52.Bxb5+ axb5 53.Qc5+ Kd7 54.Qf5+ Kd6 55.Qf8+ Ke5 56.Qh8+ Ke4
57.Qe8+ Kd4  0-1

[Event "Aegean Open"]
[Site "Kirykos GRE"]
[Date "2005.07.14"]
[Round "3"]
[White "Exizoglou,D"]
[Black "Nikolaidis,I"]
[Result "0-1"]
[WhiteElo "2189"]
[BlackElo "2522"]

1.e4 d5 2.exd5 Qxd5 3.Nc3 Qd6 4.d4 Nf6 5.Nf3 a6 6.Be3 Nc6 7.Qd2 Bg4 8.Ng5 Bf5
9.Bc4 e6 10.Bb3 Rd8 11.O-O-O Na5 12.f3 Nxb3+ 13.axb3 Qc6 14.g4 Bg6 15.Qe2 Nd5
16.Nxd5 Rxd5 17.Qc4 Qd7 18.Ne4 h5 19.Nc3 hxg4 20.fxg4 Ra5 21.Kb1 b5 22.Qe2 b4
23.Na2 Qd5 24.Nc1 Rh3 25.Bf4 Rxb3 26.Bxc7 Raa3 27.Bg3 Re3 28.Qd2 b3  0-1

[Event "XVI Vidmar Mem"]
[Site "Portoroz SLO"]
[Date "2005.07.14"]
[Round "6"]
[White "Sermek,D"]
[Black "Djukic,Ni"]
[Result "0-1"]
[WhiteElo "2532"]
[BlackElo "2521"]

1.e4 d5 2.exd5 Qxd5 3.Nc3 Qd8 4.d4 Nf6 5.Bc4 a6 6.Bb3 c5 7.Nf3 cxd4 8.Be3 Qc7
9.Qxd4 Nc6 10.Qb6 Qxb6 11.Bxb6 Bg4 12.Nd5 Nxd5 13.Bxd5 Nb4 14.O-O-O Nxd5
15.Rxd5 g6 16.Rhd1 Bh6+ 17.Kb1 O-O 18.h3 Be6 19.Re5 Rfc8 20.a4 Rc6 21.a5 Bg7
22.Re2 Rac8 23.c3 Bf5+ 24.Ka2 Be6+ 25.Ka3 Bc4 26.Red2 e5 27.Rd8+ Bf8+ 28.Ka4 f6
29.Rxc8 Rxc8 30.Nd2 Bd5 31.f3 Kf7 32.Rc1 Bh6 33.Rc2 f5 34.b4 e4 35.fxe4 fxe4
36.Nf1 Bc4 37.Rf2+ Ke6 38.Ne3 Bg7 39.Rf4 Bb5+ 40.Kb3 Rxc3+ 41.Ka2 Bc6 42.Rf2 Bh6
43.Re2 Bb5 44.Re1 Bf8  0-1

[Event "Open"]
[Site "Condom FRA"]
[Date "2005.07.16"]
[Round "9"]
[White "Saez,N"]
[Black "Fillon,D"]
[Result "0-1"]
[WhiteElo "1980"]
[BlackElo "2160"]

1.e4 d5 2.exd5 Qxd5 3.Nc3 Qd6 4.Nf3 g6 5.d4 Bg7 6.Be3 Nf6 7.h3 O-O 8.Bc4 a6
9.a4 Nc6 10.Qd2 Bf5 11.O-O Ne4 12.Qd1 Nxc3 13.bxc3 e5 14.Qd2 exd4 15.cxd4 Be4
16.Ng5 Bf5 17.Nf3 Qb4 18.Qxb4 Nxb4 19.Rab1 a5 20.Ne1 Rad8 21.Rb2 Bxd4 22.Bxd4 Rxd4
23.Be2 Rd2 24.Bf3 b6 25.g4 Bd7  0-1

[Event "ACT Open"]
[Site "Amsterdam NED"]
[Date "2005.07.20"]
[Round "5"]
[White "Bitalzadeh,A"]
[Black "Blanchard,Ja"]
[Result "1/2-1/2"]
[WhiteElo "2317"]
[BlackElo "2219"]

1.e4 d5 2.exd5 Qxd5 3.Nc3 Qd6 4.d4 Nf6 5.Nf3 c6 6.Bd3 Bg4 7.h3 Bh5 8.Be3 e6
9.Qd2 Nbd7 10.Ng5 Bg6 11.Bf4 Qb4 12.O-O Bxd3 13.Qxd3 Be7 14.Nce4 Nxe4 15.Nxe4 O-O
16.c3 Qb6 17.Ng5 Bxg5 18.Bxg5 Rfe8 19.Qg3 Kh8 20.Rfe1 f6 21.Bf4 e5 22.dxe5 Nxe5
23.Bxe5 Rxe5 24.Rxe5 fxe5 25.Rd1 Qxb2 26.Rd7 Rg8 27.Qxe5 a5 28.a4 b5 29.axb5 cxb5
30.Rxg7  1/2-1/2

[Event "Aegean Open"]
[Site "Kirykos GRE"]
[Date "2005.07.20"]
[Round "9"]
[White "Koukoufikis,I"]
[Black "Nikolaidis,I"]
[Result "0-1"]
[WhiteElo "2043"]
[BlackElo "2522"]

1.e4 d5 2.exd5 Qxd5 3.Nc3 Qd6 4.d4 Nf6 5.Nf3 a6 6.g3 Bg4 7.Bg2 Nc6 8.Be3 O-O-O
9.h3 Bh5 10.Qe2 Qb4 11.O-O-O e6 12.g4 Bg6 13.a3 Qa5 14.Qc4 Ne4 15.Nd2 Nxc3
16.Nb3 Na2+ 17.Kb1 Qb5 18.Qxb5 axb5 19.Kxa2 Bxc2 20.Rd2 Bxb3+ 21.Kxb3 Na5+
22.Ka2 Nc4 23.Rc2 Nb6 24.Rhc1 Bd6 25.Bf1 b4 26.axb4 Nd5 27.Bd2 Bxb4 28.Rxc7+ Nxc7
29.Bxb4 Kb8 30.Bc5 Na6 31.Bb6 Rd6 32.Ba5 Rxd4 33.Bc3 Rc8 34.Re1 Rxc3 35.bxc3 Rd2+
36.Kb3 Rxf2 37.Bxa6 bxa6 38.Ra1 Kb7 39.Rd1 Kc6 40.Ra1 Kb6 41.Rd1 a5 42.Rd8 Rf4
43.Rh8 a4+ 44.Ka3 e5 45.Rxh7 e4 46.Rh5 f5 47.gxf5 e3 48.Rg5 Re4 49.Rg1 Kb5
50.Kb2 e2 51.Re1 Kc4 52.Kc2 a3 53.h4 a2 54.Kd2 Rxh4  0-1

[Event "MTO Open"]
[Site "Biel SUI"]
[Date "2005.07.21"]
[Round "4"]
[White "Ulibin,M"]
[Black "Costa,JL"]
[Result "0-1"]
[WhiteElo "2529"]
[BlackElo "2381"]

1.e4 d5 2.exd5 Qxd5 3.Nc3 Qd8 4.d4 Nf6 5.Bc4 a6 6.Nf3 b5 7.Bb3 c5 8.dxc5 Qxd1+
9.Nxd1 e6 10.a4 b4 11.a5 Bxc5 12.Ne5 Nbd7 13.Nd3 Bb7 14.f3 Bd5 15.Ba4 Ke7
16.Ne3 Rhc8 17.Bd2 Rab8 18.Nxd5+ Nxd5 19.Bb3 Be3 20.Bxd5 Bxd2+ 21.Kxd2 exd5
22.b3 Nc5 23.Nf4 Kd6 24.Rhe1 Ne6 25.Nxe6 fxe6 26.Re3 Rf8 27.Rae1 Rf6 28.f4 Re8
29.g3 h6 30.Re5 Rc8 31.R5e3 g5 32.fxg5 hxg5 33.R3e2 g4 34.Ra1 e5 35.Ra4 Rb8
36.Ra1 e4 37.Rd1 Ke5 38.Kc1 d4 39.Rde1 e3 40.Kb2 Ke4 41.Rd2 Rb5  0-1

[Event "ACT Open"]
[Site "Amsterdam NED"]
[Date "2005.07.23"]
[Round "8"]
[White "Van der Poel,H"]
[Black "Koehler,A"]
[Result "1/2-1/2"]
[WhiteElo "2280"]
[BlackElo "1886"]

1.e4 d5 2.exd5 Qxd5 3.Nc3 Qd8 4.d4 c6 5.Nf3 Bg4 6.Be3 e6 7.h3 Bh5 8.g4 Bg6
9.Ne5 Bb4 10.Bg2 Nf6 11.O-O Nfd7 12.Qe2 Nxe5 13.dxe5 h5 14.Rad1 Qa5 15.Bd4 hxg4
16.hxg4 Nd7 17.a3 Be7 18.b4 Qxa3 19.Ra1 Qxb4 20.Ra4 Qb2 21.Ra2 Qb4 22.Ra4 Qb2
23.Ra2  1/2-1/2

[Event "Open"]
[Site "Saint Affrique FRA"]
[Date "2005.07.24"]
[Round "3"]
[White "Apicella,M"]
[Black "Chaplin,E"]
[Result "1-0"]
[WhiteElo "2553"]
[BlackElo "2148"]

1.e4 d5 2.exd5 Qxd5 3.Nc3 Qd6 4.d4 Nf6 5.Nf3 a6 6.g3 e6 7.Bg2 Be7 8.O-O O-O
9.Bf4 Qb6 10.Qd2 Nd5 11.Nxd5 exd5 12.Ne5 c6 13.c4 Be6 14.c5 Qd8 15.Rae1 Nd7
16.h4 Nxe5 17.Bxe5 b6 18.b4 a5 19.a3 axb4 20.axb4 Ra4 21.Rb1 b5 22.Bf3 Qd7
23.Rfe1 Rfa8 24.Qf4 Bf5 25.Rb2 Ra1 26.Re2 h6 27.Bc7 Bf6 28.Ba5 Rxe1+ 29.Rxe1 g5
30.hxg5 hxg5 31.Qe3 Kf8 32.Qd2 Re8 33.Rxe8+ Kxe8 34.Kf1 Qe7 35.g4 Be4 36.Be2 Kd7
37.Qe3 Bg7 38.Bb6 Qf6 39.f3 Bg6 40.Qa3 Qxd4 41.Qa7+ Ke6 42.Qc7 Be5 43.Qxc6+ Ke7
44.Qd6+  1-0

[Event "Open A"]
[Site "Pardubice CZE"]
[Date "2005.07.25"]
[Round "4"]
[White "Klimakovs,S"]
[Black "Krysztofiak,M"]
[Result "1/2-1/2"]
[WhiteElo "2287"]
[BlackElo "2401"]

1.e4 d5 2.exd5 Qxd5 3.Nc3 Qd6 4.d4 Nf6 5.Bd3 Bg4 6.Nge2 Nc6 7.f3 Bh5 8.Bf4 Qd7
9.Nb5 Rc8 10.Qd2 a6 11.Nbc3 e6 12.Ne4 Be7 13.c3 Bg6  1/2-1/2

[Event "MTO Open"]
[Site "Biel SUI"]
[Date "2005.07.27"]
[Round "9"]
[White "Midoux,S"]
[Black "Benkovic,P"]
[Result "1/2-1/2"]
[WhiteElo "2300"]
[BlackElo "2431"]

1.e4 d5 2.exd5 Qxd5 3.Nc3 Qd6 4.d4 Nf6 5.Nf3 a6 6.Be3 Nc6 7.Qd2 Bf5 8.Bc4 e6
9.O-O-O Qb4 10.Ne5 Ne4 11.Nxe4 Bxe4 12.c3 Qd6 13.Bf4 Nxe5 14.Bxe5 Qc6 15.Qe2 O-O-O
16.f3 Bd5 17.Bb3 Bxb3 18.axb3 Rg8 19.Qd3 g6 20.Bf6 Rd7 21.Rhe1 Bg7 22.Bxg7 Rxg7
23.Qe3 h5 24.Qe5 Rg8 25.Qf6 Qd6 26.Re5 Qe7 27.Qxe7 Rxe7 28.d5 Rge8 29.Rde1 Kd7
30.Kd2 c6 31.dxe6+ Rxe6 32.Rxe6 Rxe6 33.Re3 a5 34.Rxe6 Kxe6 35.Ke3 Ke5 36.g3 g5
37.h3 b5 38.c4 Kd6 39.Ke4 bxc4 40.bxc4 Kc5 41.f4 g4 42.hxg4 hxg4 43.Kf5 Kxc4
44.Kf6 Kb3 45.Kxf7 Kxb2 46.Kg6 a4 47.f5 a3 48.f6 a2 49.f7 a1=Q 50.f8=Q Qa4
51.Qf6+ Kb3 52.Qe6+ Qc4 53.Qe3+ Kc2 54.Qf2+ Kc3 55.Qe1+ Kb2 56.Qe5+ Kc2 57.Qe1 c5
58.Qf2+ Kd1 59.Kh5 Qd4 60.Qf1+ Kd2 61.Kh4 c4 62.Qg2+ Kc3 63.Qe2 Kb3 64.Qe6 Kb4
65.Qe7+ Ka5 66.Qc7+ Ka4 67.Qc6+ Ka3 68.Qa6+ Kb2 69.Qb7+ Kc1 70.Qh1+ Qd1 71.Qc6 Qe2
72.Qc5 Kc2 73.Qf5+ Kd2 74.Qd5+ Ke1 75.Qh1+ Kf2 76.Qh2+ Ke3 77.Qg1+ Ke4 78.Qb1+ Kd4
79.Qb6+ Kc3 80.Qa5+ Kc2  1/2-1/2

[Event "Open A"]
[Site "Pardubice CZE"]
[Date "2005.07.27"]
[Round "6"]
[White "Nuesken,N"]
[Black "Skytte,R"]
[Result "1/2-1/2"]
[WhiteElo "2271"]
[BlackElo "2399"]

1.e4 d5 2.exd5 Qxd5 3.Nc3 Qd6 4.g3 Nf6 5.Bg2 c6 6.d4 Bg4 7.Nf3 e6 8.h3 Bh5
9.O-O Nbd7 10.Bf4 Qb4 11.Rb1 Be7 12.Qd2 O-O 13.Rfe1 Rfe8 14.Bc7 Bd8 15.a3 Qe7
16.Bf4 Bb6 17.Ne5 Rac8  1/2-1/2

[Event "Open Dutch Championship"]
[Site "Dieren NED"]
[Date "2005.07.28"]
[Round "3"]
[White "Van den Dikkenberg,E"]
[Black "Ellenbroek,T"]
[Result "1/2-1/2"]
[WhiteElo "2195"]
[BlackElo "2141"]

1.e4 d5 2.exd5 Qxd5 3.Nc3 Qd6 4.d4 Nf6 5.Nf3 a6 6.Bg5 Nc6 7.Be2 e5 8.dxe5 Nxe5
9.O-O Be7 10.Re1 O-O 11.Nxe5 Qxe5 12.Bf3 Qxg5 13.Rxe7 Be6 14.Qd4 Ne8 15.Qb4 a5
16.Qa3 Rd8 17.Ne4 Qe5 18.Qc3 Qxc3 19.Nxc3 Rd2 20.Rc1 Bf5 21.Ne4 Rd4 22.Ng3 Be6
23.b3 b6 24.Bc6 Nd6 25.Rxc7 Rd2 26.Ne4 Nxe4 27.Bxe4 Rfd8 28.Bd3 Bf5 29.Rc3 g6
30.a4 Bxd3 31.cxd3 R8xd3 32.g3 Rd1+ 33.Kg2 Rxc3 34.Rxc3 Rb1 35.Kf3 Kf8 36.Kf4 Rb2
37.f3 Ke7 38.h4 f6 39.Ke4 Kd6 40.Kd4 Rg2 41.f4 Re2 42.Rd3 Ke6 43.Kc4 Kf5
44.Kb5 Re6 45.Rc3 Kg4 46.b4 axb4 47.Kxb4 Re1 48.Rb3 f5 49.Kb5 Ra1 50.Kb4 Kh3
51.Kb5 Ra2 52.Kb4 h6 53.Kb5 Kg4 54.Kb4 Ra1 55.Kb5 Kh3 56.Kb4 Kg2 57.Kb5 Kf2
58.Kb4 Ke2 59.Kb5 Ra2 60.Kb4 Kd2 61.Kb5 Ra1 62.Kb4 Rg1 63.Kb5 Ra1 64.Kb4 h5
65.Kb5 Ke2 66.Kb4 Ra2 67.Kb5 Kf2 68.Kb4 Ke2 69.Kb5 Ra1 70.Kb4 Rd1 71.Kb5 Rd6
72.Rc3 Kf2 73.Rc6 Rd5+ 74.Kc4 Ra5 75.Rxg6 Rxa4+ 76.Kd5  1/2-1/2

[Event "ch-VSZ"]
[Site "Vukovar CRO"]
[Date "2005.07.29"]
[Round "1"]
[White "Jovanovic,Zo CRO"]
[Black "Vidackovic,B"]
[Result "1-0"]
[WhiteElo "2482"]
[BlackElo "2006"]

1.e4 d5 2.exd5 Qxd5 3.Nc3 Qd6 4.d4 a6 5.Nf3 Bg4 6.h3 Bxf3 7.Qxf3 Nc6 8.Be3 Nf6
9.O-O-O O-O-O 10.d5 Ne5 11.Qf5+ e6 12.dxe6 Qxe6 13.Qxe6+ fxe6 14.Rxd8+ Kxd8
15.f4 Nc6 16.Bc4 e5 17.f5 Bd6 18.g4 h6 19.Rd1 Kc8 20.Nd5 Nxd5 21.Bxd5 Ne7
22.Be6+ Kb8 23.c4 b6 24.Bxb6 Nc6 25.Be3 Rd8 26.Bd5 Nb4 27.a3 Nxd5 28.Rxd5 Be7
29.Rxd8+ Bxd8 30.Kc2 Kb7 31.Kd3 Kc6 32.Ke4 Bf6 33.Bd2 Kd6 34.Bc3 Kc5 35.b3 Kd6
36.Bxe5+ Bxe5 37.c5+ Kxc5 38.Kxe5 a5 39.h4 Kb5 40.g5 hxg5 41.hxg5 c5 42.f6 gxf6+
43.gxf6  1-0

[Event "15th ETC Women"]
[Site "Gothenburg SWE"]
[Date "2005.07.31"]
[Round "2"]
[White "Galliamova,A"]
[Black "Chelushkina,I"]
[Result "1-0"]
[WhiteElo "2453"]
[BlackElo "2330"]

1.e4 d5 2.exd5 Qxd5 3.Nc3 Qd8 4.d4 Nf6 5.Nf3 a6 6.Bg5 h6 7.Bh4 Bg4 8.h3 Bxf3
9.Qxf3 Nc6 10.O-O-O g5 11.Bg3 Bg7 12.d5 Na7 13.Bd3 Nc8 14.Be5 Nd6 15.Rde1 Kf8
16.g4 Qd7 17.Qe2 b5 18.a3 Rb8 19.f4 gxf4 20.Rhf1 b4 21.axb4 Rxb4 22.Rxf4 a5
23.Qe3 Rxf4 24.Qxf4 Qc8 25.Qe3 Qb7 26.Bd4 Ng8 27.h4 Qb4 28.Bxg7+ Kxg7 29.Rf1 Qb6
30.Qe5+ f6 31.Qh5 Qe3+ 32.Kb1 f5 33.Bxf5 Nf6 34.Qg6+ Kf8 35.Be6  1-0

[Event "15th ETC"]
[Site "Gothenburg SWE"]
[Date "2005.07.31"]
[Round "2"]
[White "Haznedaroglu,K"]
[Black "Shaw,J"]
[Result "1/2-1/2"]
[WhiteElo "2430"]
[BlackElo "2449"]

1.e4 d5 2.exd5 Qxd5 3.Nc3 Qd8 4.d4 Nf6 5.Nf3 Bg4 6.h3 Bxf3 7.Qxf3 c6 8.Be3 e6
9.O-O-O Bb4 10.Ne4 Nxe4 11.Qxe4 Qd5 12.Qxd5 cxd5 13.c4 Nc6 14.c5 a6 15.a3 Ba5
16.Be2 O-O 17.Kb1 Bd8 18.b4 Bf6 19.Rd2 g6 20.Kc2 Kg7 21.Rb1 h5 22.a4 Rfc8
23.Kd1 Ne7 24.g4 hxg4 25.hxg4 g5 26.f4 gxf4 27.Bxf4 Nc6 28.g5 Bd8 29.b5 axb5
30.axb5 Ne7 31.Be5+ Kg6 32.Rd3 Nf5 33.Rh3 f6 34.gxf6 Bxf6 35.Rc1 Bxe5 36.dxe5 Nd4
37.Bd3+ Kg5 38.Rc3 Ra1+ 39.Kd2 Rxc5 40.Rxc5 Nb3+ 41.Ke3 Nxc5 42.Rg3+ Kh4
43.Rg7 Ra3 44.Rh7+ Kg5 45.Rg7+ Kh4 46.Rh7+ Kg5  1/2-1/2

[Event "15th Summer Open"]
[Site "Recklinghausen GER"]
[Date "2005.08.01"]
[Round "1"]
[White "Deinert,W"]
[Black "Stahl,M"]
[Result "1/2-1/2"]
[WhiteElo "1951"]
[BlackElo "2165"]

1.e4 d5 2.exd5 Qxd5 3.Nc3 Qd6 4.d4 Nf6 5.Be3 a6 6.Nf3 b5 7.Bd3 Bb7 8.Qe2 e6
9.O-O-O Be7 10.Ne5 c5 11.Bf4 Qb6 12.dxc5 Bxc5 13.f3 Nc6 14.Nxc6 Bxc6 15.Be5 Be7
16.Ne4 Bxe4 17.Bxe4 Rc8 18.Qd3 Rd8 19.Bd4 Qc7 20.Qe3 O-O 21.Bd3 Nd5 22.Qe5 Qxe5
23.Bxe5 Nb4 24.a3 Nxd3+ 25.Rxd3 Rxd3 26.cxd3 Rc8+ 27.Kd2 f6 28.Bc3 Kf7 29.Re1 e5
30.Re4 Bd6 31.a4 Rb8 32.axb5 axb5 33.Bb4 Bxb4+ 34.Rxb4 Ke6 35.d4 exd4 36.Rxd4 Rc8
37.b3 Rc5 38.Re4+ Kd6 39.Kd3 g6 40.Rh4 h5 41.g4 hxg4 42.Rxg4 g5 43.f4 gxf4
44.Rxf4 Rh5 45.Rxf6+ Kc5 46.Rf2 Rh3+ 47.Kc2 Kb4  1/2-1/2

[Event "15th ETC Women"]
[Site "Gothenburg SWE"]
[Date "2005.08.04"]
[Round "6"]
[White "Seps,M"]
[Black "Aginian,N"]
[Result "0-1"]
[WhiteElo "2173"]
[BlackElo "2324"]

1.e4 d5 2.exd5 Qxd5 3.Nc3 Qd6 4.d4 Nf6 5.Nf3 a6 6.g3 Bg4 7.Bg2 Nc6 8.Be3 O-O-O
9.O-O e5 10.dxe5 Nxe5 11.Qxd6 Bxd6 12.Nd2 Rhe8 13.Nce4 Nxe4 14.Bxe4 Bb4 15.c3 Bf8
16.Bg2 Rd7 17.Nb3 Nc4 18.Nc5 Nxe3 19.Nxd7 Nxf1 20.Nxf8 Nd2 21.Nxh7 f6 22.h3 Bf5
23.Rd1 Nc4 24.Rd4 Nd6 25.Nxf6 gxf6 26.g4 Bg6 27.h4 b6 28.Kf1 Kd7 29.Bd5 Rh8
30.h5 Be8 31.Kg2 Ke7 32.Kg3 f5 33.f3 fxg4 34.fxg4 Bxh5  0-1

[Event "15th ETC"]
[Site "Gothenburg SWE"]
[Date "2005.08.05"]
[Round "7"]
[White "Neubauer,M"]
[Black "Dutreeuw,M"]
[Result "1-0"]
[WhiteElo "2468"]
[BlackElo "2361"]

1.e4 d5 2.exd5 Qxd5 3.Nc3 Qd6 4.d4 Nf6 5.Nf3 a6 6.g3 Bf5 7.Bg2 Nc6 8.O-O e6
9.Bf4 Qb4 10.d5 exd5 11.Nxd5 Nxd5 12.Qxd5 Be6 13.Rae1 Be7 14.Rxe6 fxe6 15.Qxe6 Rf8
16.Bxc7 Qxb2 17.Ne5 Nxe5 18.Bxe5 Qb5 19.Bxg7 Rf7 20.Bd4 Rd8 21.c3 Qd7 22.Qe5 b5
23.Qh8+ Bf8 24.Bf6 Qe6 25.Bxd8 Kxd8 26.Rd1+ Kc7 27.Qd4 Rd7 28.Qa7+ Kd8 29.Rxd7+ Qxd7
30.Qxa6 Bg7 31.Bf1 Bxc3 32.Qxb5 Qa7 33.Qd5+ Ke7 34.Bc4 Qa4 35.Bb3 Qb4 36.Qe6+ Kd8
37.Qg8+ Ke7 38.Qxh7+ Kd6 39.Qd3+ Bd4 40.Kg2 Qb7+ 41.Qf3 Qb6 42.h4 Kc5 43.Qd5+ Kb4
44.Qc4+ Ka3 45.Bd1  1-0

[Event "XV Open"]
[Site "La Pobla de Lillet ESP"]
[Date "2005.08.05"]
[Round "4"]
[White "Sandu,Mi"]
[Black "Nogue Fajula,J"]
[Result "1-0"]
[WhiteElo "2159"]
[BlackElo "2069"]

1.e4 d5 2.exd5 Qxd5 3.Nc3 Qd8 4.d4 Nf6 5.Nf3 c6 6.Bc4 Bf5 7.Ne5 e6 8.g4 Bg6
9.h4 Bb4 10.f3 Bxc2 11.Qxc2 Qxd4 12.Qe2 Bxc3+ 13.bxc3 Qxc3+ 14.Kf2 Qxa1 15.Rd1 Nd5
16.Bxd5 cxd5 17.Ba3 Qc3 18.Qb5+ Nc6 19.Qxb7 Qxa3 20.Qd7+  1-0

[Event "ch-POR"]
[Site "Vila Real POR"]
[Date "2005.08.07"]
[Round "5"]
[White "Fernando,D"]
[Black "Galego,L"]
[Result "1-0"]
[WhiteElo "2440"]
[BlackElo "2501"]

1.e4 d5 2.exd5 Qxd5 3.Nc3 Qd6 4.d4 Nf6 5.Nf3 a6 6.g3 Bg4 7.Bg2 Nc6 8.O-O O-O-O
9.d5 Ne5 10.Bf4 Bxf3 11.Bxf3 Nxf3+ 12.Qxf3 e5 13.dxe6 Qxe6 14.Bg5 h5 15.Bxf6 Qxf6
16.Qxf6 gxf6 17.Rad1 Bd6 18.Nd5 h4 19.Kg2 Rh5 20.b3 b5 21.Rfe1 f5 22.Kf3 hxg3
23.hxg3 c6 24.Nf4 Rh2 25.Re2 Kc7 26.Nd3 Rg8 27.Rc1 Rg6 28.c4 Re6 29.c5 Bf8
30.Rce1 Kd7 31.Ne5+ Kc7 32.b4 a5 33.a3 Bg7 34.bxa5 Kb7 35.Nd3 Rhh6 36.Nf4 Rxe2
37.Rxe2 Ka6 38.Nd3 Kxa5 39.Re7 Ka4 40.Rxf7 Bf6 41.Ra7+ Kb3 42.Ra6 Bd4 43.Kf4 Kc4
44.Nb4 Kxc5 45.Kxf5 Bc3 46.g4 Rf6+ 47.Kg5 Rd6 48.f4 Bd2 49.Kf5 Bxb4 50.axb4+ Kxb4
51.g5 Kc5 52.g6 Rd1 53.g7 Rg1 54.Kf6 b4 55.Ra8  1-0

[Event "9th Open"]
[Site "Genova ITA"]
[Date "2005.08.09"]
[Round "2"]
[White "Di Paolo,R"]
[Black "Lazic,Mi"]
[Result "1/2-1/2"]
[WhiteElo "2271"]
[BlackElo "2485"]

1.e4 d5 2.exd5 Qxd5 3.Nc3 Qd8 4.d4 Nf6 5.Bc4 Bg4 6.f3 Bf5 7.Nge2 e6 8.Be3 Nd5
9.Bxd5 exd5 10.g4 Be6 11.Qd2 Nd7 12.Nf4 c6 13.Nce2 Bd6 14.Nh5 Rg8 15.Bf4 Qc7
16.Bxd6 Qxd6 17.Qa5 a6 18.O-O-O b6 19.Qd2 O-O-O 20.Nhf4 Kb7 21.Kb1 Rge8 22.Nc1 f6
23.h4 Re7  1/2-1/2

[Event "TCh-ESP Premier North"]
[Site "Barcelona ESP"]
[Date "2005.08.12"]
[Round "2"]
[White "Pena Gomez,M"]
[Black "Monell Camarasa,D"]
[Result "1-0"]
[WhiteElo "2297"]
[BlackElo "2263"]

1.e4 d5 2.exd5 Qxd5 3.Nc3 Qd8 4.d4 Nf6 5.Be2 c6 6.Nf3 Bf5 7.O-O e6 8.Nh4 Bg6
9.Bg5 Be7 10.Bf3 Nbd7 11.Ne2 Bh5 12.Bxh5 Nxh5 13.Bxe7 Qxe7 14.Nf3 O-O 15.c4 Rfd8
16.Qb3 Nb6 17.a4 Qc7 18.a5 Nd7 19.Qe3 c5 20.Rfd1 Nhf6 21.dxc5 Nxc5 22.b4 Nce4
23.Rdc1 a6 24.Ng3 Nxg3 25.hxg3 h5 26.Ne5 Qd6 27.c5 Qd2 28.Qxd2 Rxd2 29.Nc4 Rd4
30.Rab1 Rc8 31.Nd6 Rc7 32.b5 Nd7 33.b6 Rxc5 34.Nxb7 Rcd5 35.Nd8 Nb8 36.Nc6 Nxc6
37.Rxc6 Rd1+ 38.Rxd1 Rxd1+ 39.Kh2 Rb1 40.Rc7 Rb5 41.Ra7  1-0

[Event "14th Open"]
[Site "Kavala GRE"]
[Date "2005.08.13"]
[Round "2"]
[White "Gripeos,K"]
[Black "Nikolaidis,I"]
[Result "0-1"]
[WhiteElo "2145"]
[BlackElo "2522"]

1.e4 d5 2.exd5 Qxd5 3.Nc3 Qd6 4.d4 Nf6 5.Nf3 a6 6.Ne5 Nc6 7.Nxc6 Qxc6 8.a4 Bf5
9.d5 Qd7 10.Be2 e6 11.dxe6 Qxd1+ 12.Bxd1 Bxe6 13.Bf3 O-O-O 14.Bg5 Bf5 15.O-O Bxc2
16.Rfc1 Bf5 17.Bxf6 gxf6 18.Nd5 c6 19.Nxf6 Bg7 20.Rc5 Bg6 21.Nd5 Rhe8 22.h4 Bxb2
23.Ra2 Re1+ 24.Kh2 Bd4 25.Rc4 Be5+ 26.g3 Bd3 27.Nb6+ Kc7 28.Rb4 Rb1 29.Rxb1 Bxb1
30.Re2 f6 31.a5 Bd3 32.Re3 Bb5 33.Kg2 Rd2 34.Bg4 Bd4 35.Rf3 Ra2 36.Rf4 Be5
37.Re4 Rxa5 38.Nd7 Ra4 39.Rxa4 Bxa4 40.Nxe5 fxe5 41.Bf5 h6 42.Kf3 Kd6 43.Bc8 a5
44.Bxb7 Bb5 45.Bc8  0-1

[Event "15th ch-SLO"]
[Site "Ptuj SLO"]
[Date "2005.08.13"]
[Round "2"]
[White "Gjuran,D"]
[Black "Krumpak,H"]
[Result "1-0"]
[WhiteElo "2340"]
[BlackElo "2146"]

1.e4 d5 2.exd5 Qxd5 3.Nc3 Qd6 4.Bc4 Nf6 5.d3 a6 6.a4 Nc6 7.Nge2 Ne5 8.Bb3 Ng6
9.Ng3 Be6 10.Nce4 Nxe4 11.Nxe4 Qe5 12.Bxe6 Qxe6 13.O-O Qd7 14.f4 e6 15.Bd2 Be7
16.Bc3 O-O 17.Qh5 f5 18.Ng5 Bxg5 19.Qxg5 Rae8 20.a5 Qe7 21.Qh5 Qh4 22.Qf3 c6
23.Rae1 Qg4 24.Qf2 h5 25.h3 Qh4 26.Qf3 Kf7 27.Re2 Rh8 28.Qe3 Qd8 29.Rf3 Qd6
30.Rg3 h4 31.Rg5 Qxf4 32.Qxf4 Nxf4 33.Rxg7+ Kf8 34.Rf2 Nd5 35.Be5 Ne7 36.Rg4 Rh7
37.Rff4 Ng8 38.Rxh4 Rd7 39.g4 Ne7 40.Rh8+ Kf7 41.Rh7+ Kf8 42.g5 Rd5 43.Bf6 Rxa5
44.Rfh4 e5 45.Rxe7 Rxe7 46.Rh8+ Kf7 47.Rh7+ Kg6 48.Rxe7  1-0

[Event "15th ch-SLO"]
[Site "Ptuj SLO"]
[Date "2005.08.14"]
[Round "4"]
[White "Gjuran,D"]
[Black "Penko,I"]
[Result "1/2-1/2"]
[WhiteElo "2340"]
[BlackElo "2235"]

1.e4 d5 2.exd5 Qxd5 3.Nc3 Qd6 4.Nf3 Nf6 5.Be2 a6 6.O-O Nc6 7.Re1 Bg4 8.d3 e6
9.Be3 Be7 10.h3 Bh5 11.a3 O-O 12.Qd2 e5 13.Nh4 Bg6 14.Nxg6 hxg6 15.f4 exf4
16.Bxf4 Qd7 17.Bf3 Rfe8 18.Kh1 Bd6 19.Ne4 Nxe4 20.Bxe4 Bxf4 21.Qxf4 Re6 22.Bxc6 Qxc6
23.Rxe6 Qxe6 24.Qxc7 Rc8 25.Qxb7 Rxc2 26.b4 Qe2 27.Qd5 Rd2 28.d4 Qf2 29.Rc1 Kh7
30.Qc6 f5 31.Rg1 f4 32.Qxa6 Qg3 33.Qc6 Rf2 34.Qd6 Qxa3 35.Qe7 Qg3 36.Qe5 Qh4
37.Qe6 Rb2 38.d5 Rxb4 39.d6 Rd4 40.Rf1 Qf6 41.Qe7 Rxd6 42.Qxf6 Rxf6  1/2-1/2

[Event "Masters"]
[Site "Abu Dhabi UAE"]
[Date "2005.08.17"]
[Round "4"]
[White "Ibrahim,I UAE"]
[Black "Khouri,I"]
[Result "1-0"]
[WhiteElo "2082"]
[BlackElo "2062"]

1.e4 d5 2.exd5 Qxd5 3.Nc3 Qd6 4.g3 Nf6 5.Bg2 e5 6.Nge2 Nc6 7.O-O Bf5 8.d4 O-O-O
9.dxe5 Qxe5 10.Qe1 Bxc2 11.Bf4 Qh5 12.Qc1 Bd3 13.Rd1 Bc5 14.h3 Bb6 15.g4 Qc5
16.Be3 Qe7 17.Bxb6 axb6 18.Nf4 Bg6 19.Ncd5 Nxd5 20.Nxd5 Qe5 21.f4 Qe6 22.f5 Bxf5
23.Qf4 Qe5 24.Qxe5 Nxe5 25.gxf5  1-0

[Event "Masters"]
[Site "Abu Dhabi UAE"]
[Date "2005.08.19"]
[Round "5"]
[White "Marwan,A"]
[Black "Mansour,A"]
[Result "1/2-1/2"]
[WhiteElo "1983"]
[BlackElo "2018"]

1.e4 d5 2.exd5 Qxd5 3.Nc3 Qd6 4.d4 Nf6 5.h3 a6 6.Bd3 b5 7.Qf3 Ra7 8.Qd1 Bb7
9.Nf3 e6 10.O-O Nbd7 11.Be3 Ra8 12.Ng5 c5 13.dxc5 Nxc5 14.Bxc5 Qxc5 15.Nge4 Nxe4
16.Nxe4 Qc6 17.f3 Be7 18.Qe2 O-O 19.c3 Rfd8 20.Rad1 Rd7 21.Nf2 Qb6 22.Kh1 Rad8  1/2-1/2